Softvérový sprievodca čerpaním finančných prostriedkov z fondov EÚ a z programov štátnej podpory SR

Enregistré dans:
Détails bibliographiques
Format: Publication en série
Tags: Ajouter un tag
Pas de tags, Soyez le premier à ajouter un tag!

MARC

LEADER 00000nas a22000003a 4500
001 stu138126
005 20141122165929.0
008 070221s--------------------------------d
040 |a STU  |b slo 
041 0
245 |a Softvérový sprievodca čerpaním finančných prostriedkov z fondov EÚ a z programov štátnej podpory SR 
773 0 |t Softvérový sprievodca čerpaním finančných prostriedkov z fondov EÚ a z programov štátnej podpory SR :  |w stu_us_cat*stu97468  |x 1336-6300  |7 nnas 
996 |b 284M075818  |c M*CD-1015  |d február 2007  |v február 2007  |l MMKN  |s A  |a 24  |w stu138126_0001